The Handbook of Communication Skills (Record no. 320822)

000 -LEADER
fixed length control field 00320 a2200133 4500
001 - CONTROL NUMBER
control field 85749
082 ## - DEWEY DECIMAL CLASSIFICATION NUMBER
Classification number 302 OWE
090 ## - LOCALLY ASSIGNED LC-TYPE CALL NUMBER (OCLC); LOCAL CALL NUMBER (RLIN)
-- 40172
-- 40171
100 ## - MAIN ENTRY--PERSONAL NAME
Personal name Owen Hargie
245 ## - TITLE STATEMENT
Title The Handbook of Communication Skills
250 ## - EDITION STATEMENT
Edition statement 3rd Edition
260 ## - PUBLICATION, DISTRIBUTION, ETC.
Place of publication, distribution, etc. New York
Name of publisher, distributor, etc. Routledge
Date of publication, distribution, etc. 2006
500 ## - GENERAL NOTE
General note DOS BS Reference Books
942 ## - ADDED ENTRY ELEMENTS (KOHA)
Institution code [OBSOLETE] caenust
Call number prefix 302 OWE
Holdings
Withdrawn status Lost status Damaged status Not for loan Collection code Permanent Location Current Location Date acquired Total Checkouts Full call number Barcode Date last seen Price effective from Koha item type
          College of Aeronautical Engineering (CAE) College of Aeronautical Engineering (CAE) 04/03/2017   302 OWE CAE84428 04/05/2017 04/05/2017 Book
          College of Aeronautical Engineering (CAE) College of Aeronautical Engineering (CAE) 04/03/2017   302 OWE CAE84431 04/05/2017 04/05/2017 Book
          College of Aeronautical Engineering (CAE) College of Aeronautical Engineering (CAE) 04/03/2017   302 OWE CAE84430 04/05/2017 04/05/2017 Book
          College of Aeronautical Engineering (CAE) College of Aeronautical Engineering (CAE) 04/03/2017   302 OWE CAE84429 04/05/2017 04/05/2017 Book
© 2023 Central Library, National University of Sciences and Technology. All Rights Reserved.